[Event "EYCC 2024 - G14"]
[Site "?"]
[Date "2024.08.23"]
[Round "2.10"]
[White "Heibo, Amalie Linnea"]
[Black "Biro, Beata"]
[Result "0-1"]
[BlackElo "1926"]
[WhiteElo "1656"]
[LiveChessVersion "1.4.8"]

1. d4 {[%clk 1:30:53]} d5 {[%clk 1:30:52]} 2. c4 {[%clk 1:30:44]} c6
{[%clk 1:31:11]} 3. Nc3 {[%clk 1:31:04]} Nf6 {[%clk 1:31:18]} 4. e3
{[%clk 1:30:55]} e6 {[%clk 1:31:10]} 5. Nf3 {[%clk 1:31:12]} Nbd7
{[%clk 1:30:45]} 6. Qc2 {[%clk 1:29:28]} a6 {[%clk 1:28:38]} 7. a4
{[%clk 1:27:36]} Bd6 {[%clk 1:24:05]} 8. g4 {[%clk 1:17:32]} Nxg4
{[%clk 1:12:57]} 9. Rg1 {[%clk 1:17:34]} Nxh2 {[%clk 1:12:57]} 10. Nxh2
{[%clk 1:18:02]} Bxh2 {[%clk 1:13:25]} 11. Rxg7 {[%clk 1:18:31]} Nf8
{[%clk 1:11:43]} 12. Rg2 {[%clk 1:17:33]} Bc7 {[%clk 1:10:20]} 13. Bd2
{[%clk 1:13:38]} Ng6 {[%clk 1:09:03]} 14. Be2 {[%clk 1:08:12]} Bd7
{[%clk 1:07:52]} 15. Rg1 {[%clk 1:02:50]} Qf6 {[%clk 0:59:18]} 16. cxd5
{[%clk 1:00:55]} Rc8 {[%clk 0:53:25]} 17. Ne4 {[%clk 0:57:49]} Qe7
{[%clk 0:51:56]} 18. dxe6 {[%clk 0:57:22]} Bxe6 {[%clk 0:51:14]} 19. Bc3
{[%clk 0:56:31]} Bd5 {[%clk 0:47:47]} 20. Ng3 {[%clk 0:53:00]} Bxg3
{[%clk 0:44:34]} 21. Rxg3 {[%clk 0:53:13]} h5 {[%clk 0:44:37]} 22. Bd3
{[%clk 0:51:13]} h4 {[%clk 0:42:54]} 23. Rg1 {[%clk 0:47:57]} h3 {[%clk 0:39:12]}
24. e4 {[%clk 0:46:07]} h2 {[%clk 0:37:06]} 25. Rh1 {[%clk 0:45:41]} Nf4
{[%clk 0:36:52]} 26. f3 {[%clk 0:44:37]} Qh4+ {[%clk 0:35:06]} 27. Kd1
{[%clk 0:42:33]} Rg8 {[%clk 0:33:52]} 28. Qxh2 {[%clk 0:39:25]} Qxh2
{[%clk 0:33:53]} 29. Rxh2 {[%clk 0:39:20]} Rg1+ {[%clk 0:34:17]} 30. Kd2
{[%clk 0:35:24]} Rxa1 {[%clk 0:34:37]} 31. exd5 {[%clk 0:35:40]} Nxd3
{[%clk 0:34:46]} 32. Kxd3 {[%clk 0:35:45]} cxd5 {[%clk 0:35:07]} 33. a5
{[%clk 0:35:51]} Kd7 {[%clk 0:31:59]} 34. Rh7 {[%clk 0:35:53]} Ke7
{[%clk 0:29:03]} 35. Rh5 {[%clk 0:34:40]} Rd8 {[%clk 0:26:55]} 36. Bd2
{[%clk 0:33:34]} Rg1 {[%clk 0:20:52]} 37. Bg5+ {[%clk 0:30:28]} f6
{[%clk 0:21:20]} 38. Rh7+ {[%clk 0:30:33]} Ke6 {[%clk 0:21:44]} 39. Be3
{[%clk 0:30:02]} Ra1 {[%clk 0:19:15]} 40. Rxb7 {[%clk 0:28:54]} Rxa5
{[%clk 0:19:42]} 41. Bf4 {[%clk 0:28:17]} Rd7 {[%clk 0:18:00]} 42. Rb6+
{[%clk 0:28:28]} Kf5 {[%clk 0:18:24]} 43. Bg3 {[%clk 0:27:29]} Ra4
{[%clk 0:16:43]} 44. Bh4 {[%clk 0:26:12]} Rf7 {[%clk 0:15:58]} 45. Rd6
{[%clk 0:24:54]} Ra5 {[%clk 0:16:15]} 46. Be1 {[%clk 0:23:28]} Rb5
{[%clk 0:16:38]} 47. b4 {[%clk 0:23:32]} Kf4 {[%clk 0:16:00]} 48. Ke2
{[%clk 0:21:31]} a5 {[%clk 0:14:30]} 49. Bd2+ {[%clk 0:19:49]} Kg3
{[%clk 0:13:35]} 50. bxa5 {[%clk 0:18:07]} Re7+ {[%clk 0:13:07]} 51. Kd3
{[%clk 0:18:22]} f5 {[%clk 0:13:18]} 52. f4 {[%clk 0:17:32]} Reb7
{[%clk 0:12:10]} 53. Ke2 {[%clk 0:15:32]} Re7+ {[%clk 0:11:16]} 54. Kd3
{[%clk 0:15:17]} Kf3 {[%clk 0:11:43]} 55. Rh6 {[%clk 0:12:25]} Rc7
{[%clk 0:08:27]} 56. Rh3+ {[%clk 0:05:35]} Kf2 {[%clk 0:08:54]} 57. Rh2+
{[%clk 0:03:19]} Kg3 {[%clk 0:09:22]} 58. Rh1 {[%clk 0:03:25]} Rb3+
{[%clk 0:09:32]} 59. Ke2 {[%clk 0:03:48]} Re7+ {[%clk 0:07:50]} 60. Kd1
{[%clk 0:03:39]} Rb1+ {[%clk 0:06:17]} 61. Bc1 {[%clk 0:03:53]} Rb4
{[%clk 0:05:40]} 62. Kc2 {[%clk 0:00:40]} Rxd4 {[%clk 0:06:02]} 63. a6
{[%clk 0:00:45]} Ra4 {[%clk 0:06:10]} 64. Rh6 {[%clk 0:00:53]} Kf3
{[%clk 0:04:52]} 65. Rd6 {[%clk 0:01:03]} Ke4 {[%clk 0:05:06]} 66. Bb2
{[%clk 0:00:57]} Kxf4 {[%clk 0:04:45]} 67. Rxd5 {[%clk 0:01:25]} Rxa6
{[%clk 0:05:14]} 68. Bc1+ {[%clk 0:01:00]} Ke4 {[%clk 0:04:59]} 69. Rd1
{[%clk 0:01:06]} Rc7+ {[%clk 0:05:24]} 70. Kb1 {[%clk 0:00:59]} Rb6+
{[%clk 0:05:39]} 71. Bb2 {[%clk 0:01:20]} Rcb7 {[%clk 0:06:08]} 72. Rd2
{[%clk 0:01:49]} Rxb2+ {[%clk 0:06:21]} 0-1

[Event "EYCC 2024 - G14"]
[Site "?"]
[Date "2024.08.23"]
[Round "2.11"]
[White "Piekutowska, Lena"]
[Black "Ashton, Alannah"]
[Result "0-1"]
[BlackElo "1918"]
[WhiteElo "1607"]
[LiveChessVersion "1.4.8"]

1. e4 {[%clk 1:30:58]} c5 {[%clk 1:24:12]} 2. c3 {[%clk 1:31:08]} d5
{[%clk 1:24:38]} 3. exd5 {[%clk 1:31:32]} Qxd5 {[%clk 1:25:01]} 4. d4
{[%clk 1:31:48]} Nc6 {[%clk 1:25:25]} 5. Nf3 {[%clk 1:32:00]} Bf5
{[%clk 1:25:50]} 6. Na3 {[%clk 1:31:01]} cxd4 {[%clk 1:25:47]} 7. cxd4
{[%clk 1:30:43]} O-O-O {[%clk 1:22:16]} 8. Bc4 {[%clk 1:25:43]} Qe4+
{[%clk 1:07:31]} 9. Be3 {[%clk 1:25:52]} e5 {[%clk 0:25:28]} 10. O-O
{[%clk 1:16:26]} exd4 {[%clk 0:25:01]} 11. Ng5 {[%clk 1:09:02]} dxe3
{[%clk 0:21:22]} 12. Nxe4 {[%clk 1:07:31]} Rxd1 {[%clk 0:21:48]} 13. Rfxd1
{[%clk 1:07:53]} Bxe4 {[%clk 0:21:59]} 14. fxe3 {[%clk 1:06:43]} Bg6
{[%clk 0:14:09]} 15. Nb5 {[%clk 1:01:36]} Nh6 {[%clk 0:12:09]} 16. Be2
{[%clk 0:38:24]} Bc5 {[%clk 0:09:17]} 17. Kf2 {[%clk 0:38:02]} a6
{[%clk 0:05:43]} 18. Nd4 {[%clk 0:33:48]} Nxd4 {[%clk 0:05:34]} 19. exd4
{[%clk 0:34:04]} Bb6 {[%clk 0:05:30]} 20. Rac1+ {[%clk 0:32:14]} Kb8
{[%clk 0:05:55]} 21. g4 {[%clk 0:30:57]} Rd8 {[%clk 0:05:01]} 22. Rc4
{[%clk 0:29:04]} Be4 {[%clk 0:03:54]} 23. h3 {[%clk 0:19:38]} f6 {[%clk 0:03:28]}
24. Bf3 {[%clk 0:19:13]} Bxf3 {[%clk 0:03:21]} 25. Kxf3 {[%clk 0:19:36]} f5
{[%clk 0:03:28]} 26. d5 {[%clk 0:15:26]} Nf7 {[%clk 0:03:30]} 27. Rc2
{[%clk 0:11:24]} fxg4+ {[%clk 0:03:24]} 28. Kxg4 {[%clk 0:10:59]} Bc7
{[%clk 0:02:23]} 29. Re2 {[%clk 0:10:04]} Ne5+ {[%clk 0:02:41]} 30. Kf5
{[%clk 0:09:26]} Rf8+ {[%clk 0:03:01]} 31. Ke4 {[%clk 0:09:13]} Nc4
{[%clk 0:02:50]} 32. b3 {[%clk 0:07:39]} Rf4+ {[%clk 0:02:48]} 33. Kd3
{[%clk 0:07:37]} Ne5+ {[%clk 0:02:55]} 34. Kc2 {[%clk 0:07:39]} Bd6
{[%clk 0:02:54]} 35. Re3 {[%clk 0:06:00]} Kc7 {[%clk 0:02:08]} 36. Rc3+
{[%clk 0:02:51]} Kd7 {[%clk 0:02:14]} 37. Rg1 {[%clk 0:02:23]} g6
{[%clk 0:02:13]} 38. Rd1 {[%clk 0:02:24]} Rf2+ {[%clk 0:02:33]} 39. Kb1
{[%clk 0:02:37]} Bb4 {[%clk 0:01:49]} 40. Re3 {[%clk 0:02:08]} Nf3
{[%clk 0:01:20]} 41. Red3 {[%clk 0:00:58]} Nd2+ {[%clk 0:01:23]} 42. Ka1
{[%clk 0:00:43]} Ne4 {[%clk 0:00:58]} 43. Rc1 {[%clk 0:00:37]} Ba3
{[%clk 0:00:53]} 44. Rcd1 {[%clk 0:00:58]} Bb2+ {[%clk 0:00:57]} 45. Kb1
{[%clk 0:01:10]} Nc3+ {[%clk 0:01:12]} 46. Rxc3 {[%clk 0:01:33]} Bxc3
{[%clk 0:01:36]} 0-1

[Event "EYCC 2024 - G14"]
[Site "?"]
[Date "2024.08.23"]
[Round "2.12"]
[White "Haasova, Timea"]
[Black "Georgieva, Rada"]
[Result "1-0"]
[BlackElo "1498"]
[WhiteElo "1890"]
[LiveChessVersion "1.4.8"]

1. e4 {[%clk 1:30:57]} e5 {[%clk 1:30:54]} 2. Nf3 {[%clk 1:31:18]} Nc6
{[%clk 1:31:16]} 3. Bc4 {[%clk 1:31:37]} Bc5 {[%clk 1:31:36]} 4. c3
{[%clk 1:31:50]} Nf6 {[%clk 1:31:58]} 5. d3 {[%clk 1:32:06]} d6 {[%clk 1:32:11]}
6. O-O {[%clk 1:31:47]} O-O {[%clk 1:30:29]} 7. Nbd2 {[%clk 1:29:23]} Ne7
{[%clk 1:28:20]} 8. Re1 {[%clk 1:19:11]} Be6 {[%clk 1:25:23]} 9. Bxe6
{[%clk 1:06:08]} fxe6 {[%clk 1:25:40]} 10. Qb3 {[%clk 1:05:46]} Qd7
{[%clk 1:23:15]} 11. d4 {[%clk 1:00:59]} exd4 {[%clk 1:22:11]} 12. cxd4
{[%clk 1:01:11]} Bb6 {[%clk 1:22:07]} 13. Ng5 {[%clk 0:57:29]} d5
{[%clk 1:14:41]} 14. e5 {[%clk 0:50:00]} Nh5 {[%clk 1:13:20]} 15. Qh3
{[%clk 0:48:19]} g6 {[%clk 1:11:18]} 16. Qxe6+ {[%clk 0:40:04]} Qxe6
{[%clk 1:11:31]} 17. Nxe6 {[%clk 0:40:30]} Rf7 {[%clk 1:10:10]} 18. Nf3
{[%clk 0:38:42]} Re8 {[%clk 1:06:29]} 19. Nfg5 {[%clk 0:38:07]} Rf5
{[%clk 1:05:16]} 20. g4 {[%clk 0:37:46]} Rxg5 {[%clk 1:04:58]} 21. Bxg5
{[%clk 0:35:42]} Ng7 {[%clk 1:02:09]} 22. Nxg7 {[%clk 0:33:47]} Kxg7
{[%clk 1:02:20]} 23. Be3 {[%clk 0:28:52]} Nc6 {[%clk 1:01:01]} 24. Rad1
{[%clk 0:27:29]} Nb4 {[%clk 0:59:41]} 25. a3 {[%clk 0:27:18]} Nc2
{[%clk 0:59:05]} 26. Re2 {[%clk 0:26:08]} Nxe3 {[%clk 0:59:12]} 27. fxe3
{[%clk 0:26:03]} Kh6 {[%clk 0:53:46]} 28. h4 {[%clk 0:24:09]} g5 {[%clk 0:52:08]}
29. h5 {[%clk 0:20:34]} Re7 {[%clk 0:49:57]} 30. Rf2 {[%clk 0:20:23]} c5
{[%clk 0:49:31]} 31. Rf6+ {[%clk 0:18:03]} Kg7 {[%clk 0:49:16]} 32. h6+
{[%clk 0:18:02]} Kg8 {[%clk 0:49:28]} 33. Rdf1 {[%clk 0:18:01]} Re8
{[%clk 0:49:36]} 34. Rf7 {[%clk 0:17:37]} cxd4 {[%clk 0:48:22]} 35. Rg7+
{[%clk 0:17:58]} 1-0

[Event "EYCC 2024 - G14"]
[Site "?"]
[Date "2024.08.23"]
[Round "2.13"]
[White "Defour, Eline"]
[Black "Beber, Anja"]
[Result "0-1"]
[BlackElo "1877"]
[WhiteElo "1601"]
[LiveChessVersion "1.4.8"]

1. e4 {[%clk 1:30:57]} d6 {[%clk 1:30:45]} 2. d4 {[%clk 1:31:18]} g6
{[%clk 1:30:57]} 3. Nc3 {[%clk 1:30:29]} Bg7 {[%clk 1:31:12]} 4. Nf3
{[%clk 1:30:34]} a6 {[%clk 1:31:03]} 5. Be3 {[%clk 1:30:04]} b5 {[%clk 1:31:03]}
6. a3 {[%clk 1:29:46]} Bb7 {[%clk 1:31:10]} 7. Bd3 {[%clk 1:28:03]} Nd7
{[%clk 1:31:10]} 8. O-O {[%clk 1:27:18]} c5 {[%clk 1:30:33]} 9. d5
{[%clk 1:22:54]} Ngf6 {[%clk 1:29:56]} 10. h3 {[%clk 1:18:55]} O-O
{[%clk 1:27:41]} 11. Re1 {[%clk 1:14:24]} Qc7 {[%clk 1:26:07]} 12. Qd2
{[%clk 1:11:06]} e6 {[%clk 1:21:21]} 13. dxe6 {[%clk 1:09:36]} fxe6
{[%clk 1:20:45]} 14. Bh6 {[%clk 1:05:52]} c4 {[%clk 1:12:47]} 15. Bf1
{[%clk 1:05:44]} Nc5 {[%clk 1:13:06]} 16. Bxg7 {[%clk 1:04:02]} Kxg7
{[%clk 1:11:35]} 17. Ng5 {[%clk 1:02:21]} h6 {[%clk 1:10:21]} 18. Nf3
{[%clk 1:01:55]} Ncxe4 {[%clk 1:09:14]} 19. Nxe4 Bxe4 {[%clk 1:08:42]} 20. Qc3
{[%clk 1:00:14]} e5 {[%clk 1:07:25]} 21. Rad1 {[%clk 0:55:54]} Rad8
{[%clk 1:05:17]} 22. Be2 {[%clk 0:47:24]} Qc6 {[%clk 0:58:39]} 23. b3
{[%clk 0:40:04]} Nd5 {[%clk 0:57:31]} 24. Qb2 {[%clk 0:38:08]} c3
{[%clk 0:55:03]} 25. Qc1 {[%clk 0:38:28]} Nf4 {[%clk 0:55:23]} 26. Qe3
{[%clk 0:30:00]} Nxe2+ {[%clk 0:33:29]} 27. Qxe2 {[%clk 0:29:33]} Bxf3
{[%clk 0:33:45]} 28. gxf3 {[%clk 0:29:49]} Rxf3 {[%clk 0:33:59]} 29. Qf1
{[%clk 0:28:21]} Rdf8 {[%clk 0:31:33]} 30. Re2 {[%clk 0:25:35]} R8f5
{[%clk 0:30:03]} 31. Kh2 {[%clk 0:20:26]} e4 {[%clk 0:29:40]} 32. Qe1
{[%clk 0:18:44]} Rh5 {[%clk 0:26:48]} 33. Rxe4 {[%clk 0:18:18]} Rfxh3+
{[%clk 0:26:44]} 34. Kg2 {[%clk 0:18:04]} Rh2+ {[%clk 0:26:43]} 35. Kg3
{[%clk 0:17:37]} R5h3+ {[%clk 0:23:31]} 36. Kg4 {[%clk 0:15:45]} Qd7+
{[%clk 0:23:03]} 37. Re6 {[%clk 0:15:53]} h5+ {[%clk 0:23:26]} 38. Kf4
{[%clk 0:15:41]} Qf7+ {[%clk 0:23:46]} 39. Ke4 {[%clk 0:15:15]} Qxe6+
{[%clk 0:24:02]} 40. Kd4 {[%clk 0:15:26]} Qxe1 {[%clk 0:23:06]} 41. Rxe1
{[%clk 0:15:53]} Rxf2 {[%clk 0:23:22]} 42. Re7+ {[%clk 0:16:17]} Kf6
{[%clk 0:23:41]} 43. Ra7 {[%clk 0:15:48]} Ke6 {[%clk 0:23:53]} 44. Ke4
{[%clk 0:15:54]} g5 {[%clk 0:24:14]} 0-1

[Event "EYCC 2024 - G14"]
[Site "?"]
[Date "2024.08.23"]
[Round "2.14"]
[White "Wiessner, Elisabeth"]
[Black "Kammova, Katerina"]
[Result "0-1"]
[BlackElo "1867"]
[WhiteElo "1625"]
[LiveChessVersion "1.4.8"]

1. e4 {[%clk 1:30:57]} c5 {[%clk 1:30:55]} 2. Nf3 {[%clk 1:31:12]} e6
{[%clk 1:30:40]} 3. g3 {[%clk 1:31:19]} Nc6 {[%clk 1:30:05]} 4. Bg2
{[%clk 1:30:58]} d6 {[%clk 1:29:14]} 5. O-O {[%clk 1:30:35]} g6 {[%clk 1:28:12]}
6. Re1 {[%clk 1:29:50]} Bg7 {[%clk 1:27:42]} 7. c3 {[%clk 1:27:58]} Nge7
{[%clk 1:26:58]} 8. d4 {[%clk 1:23:40]} cxd4 {[%clk 1:17:39]} 9. cxd4
{[%clk 1:19:43]} O-O {[%clk 1:17:25]} 10. Be3 {[%clk 1:15:51]} Rb8
{[%clk 1:08:05]} 11. Nc3 {[%clk 1:11:23]} b6 {[%clk 1:07:09]} 12. Rc1
{[%clk 1:08:50]} Ba6 {[%clk 1:04:16]} 13. a3 {[%clk 1:02:35]} Bb7
{[%clk 1:01:49]} 14. Bf1 {[%clk 0:50:30]} Rc8 {[%clk 0:58:57]} 15. Nb5
{[%clk 0:45:24]} a6 {[%clk 0:56:42]} 16. Nc3 {[%clk 0:45:07]} b5 {[%clk 0:56:45]}
17. b4 {[%clk 0:44:15]} Qd7 {[%clk 0:51:14]} 18. Bh3 {[%clk 0:38:39]} f5
{[%clk 0:49:48]} 19. exf5 {[%clk 0:30:06]} exf5 {[%clk 0:44:19]} 20. Bg2
{[%clk 0:22:09]} Kh8 {[%clk 0:43:57]} 21. Bf4 {[%clk 0:20:02]} h6
{[%clk 0:42:30]} 22. h4 {[%clk 0:14:47]} Nd8 {[%clk 0:35:47]} 23. Ne2
{[%clk 0:10:39]} Rxc1 {[%clk 0:33:09]} 24. Qxc1 {[%clk 0:10:30]} Kh7
{[%clk 0:33:10]} 25. Qd2 {[%clk 0:09:33]} Ne6 {[%clk 0:30:38]} 26. Rd1
{[%clk 0:08:56]} Rc8 {[%clk 0:29:41]} 27. Rc1 {[%clk 0:08:37]} Rxc1+
{[%clk 0:24:37]} 28. Qxc1 {[%clk 0:08:52]} Nxf4 {[%clk 0:22:34]} 29. Qxf4
{[%clk 0:08:59]} Qe6 {[%clk 0:22:01]} 30. Qd2 {[%clk 0:08:28]} Qb3
{[%clk 0:20:35]} 31. Qe3 {[%clk 0:08:06]} Qd1+ {[%clk 0:18:43]} 32. Kh2
{[%clk 0:08:04]} Nd5 {[%clk 0:18:46]} 33. Qd2 {[%clk 0:07:59]} Qa1
{[%clk 0:17:11]} 34. Qd3 {[%clk 0:07:24]} Nf6 {[%clk 0:15:42]} 35. Bh3
{[%clk 0:06:24]} Ng4+ {[%clk 0:13:46]} 36. Bxg4 {[%clk 0:05:38]} fxg4
{[%clk 0:14:08]} 37. Nfg1 {[%clk 0:06:00]} Qf1 {[%clk 0:13:41]} 38. f3
{[%clk 0:04:40]} Qf2+ {[%clk 0:12:29]} 39. Kh1 {[%clk 0:04:43]} gxf3
{[%clk 0:12:41]} 40. Nf4 {[%clk 0:03:17]} Qxg3 {[%clk 0:12:52]} 0-1